00544nam a2200157Ia 4500003000900000008004100009040001600050080001600066110006400082245013800146260002900284300001000313650001500323650002600338650002200364IN-BaIIA211028s9999 xx 000 0 eng d cIIA Library a5(082)bINT aNational Institute of Science Communication and Information 0aInternational conference on science communication for scientific tempercNational Institute of Science Communication and Information  aNew DelhibNISCAIRc2012 a459p. aConference aScience communication aScientific temper